• 首页
  • 本馆介绍
  • 公告通知
  • 最新文献
  • 馆藏检索
  • 电子资源
  • 读者导购
  • 参考咨询
  • 我的图书馆
  • 登录
  • 详细信息显示
  • 放入我的书架
  • 预约/预借图书
  • 作者相关作品
  • 分类相关作品
  • 丛书相关作品
  • 出版社相关作品

书目信息

  • 表格格式
  • 工作单格式
  • 卡片格式
题名:
中国邮政编码大全
    
 
作者: 邮电部邮政总局 主编
分册: 第三卷   文教卫生卷
出版信息: 北京   人民邮电出版社  1989.10
页数: 852页
开本: 26cm
丛书名:
单 册:
中图分类: F614-62
科图分类:
主题词: 编码-邮政--中国--手册 , 文化机构--邮政--编码--中国--手册 , 邮政-编码--中国--手册 , 医药卫生组织机构--邮政--编码--中国--手册 , 学校--邮政--编码--中国--手册
电子资源:
ISBN: 7-115-04054-0
000 01110nam0 2200277 45
001 0190016142
005 20061030152508.00
010    @a7-115-04054-0@dCNY24.00
100    @a19921223d1989 em y0chiy0121 ea
101 0  @achi
102    @aCN@b110000
105    @ay g 000yy
200 10 @a中国邮政编码大全@AZHONG GUO YOU ZHENG BIAN MA DA QUAN@h第三卷@i文教卫生卷@IWEN JIAO WEI SHENG JUAN@f邮电部邮政总局主编@FYOU DIAN BU YOU ZHENG ZONGJU ZHU BIAN
210    @a北京@c人民邮电出版社@d1989.10
215    @a852页@d26cm
330    @a本书收集了新闻、出版、文化以及各类大、中学校、职业学校、医院、疗养院、防疫站等单位约7万个。
540 1  @a中国 邮政 编码 大全 文教 卫生@AZHONG GUO YOU ZHENG BIAN MA DA QUAN WEN JIAO WEI SHENG
606    @a编码-邮政@y中国@x手册
606    @a文化机构@x邮政@x编码@y中国@x手册
606    @a邮政-编码@y中国@x手册
606    @a医药卫生组织机构@x邮政@x编码@y中国@x手册
606    @a学校@x邮政@x编码@y中国@x手册
690    @aF614-62@v3
701  0 @a邮电部邮政总局@AYOU DIAN BU YOU ZHENG ZONG JU@4主编
801  0 @aCN@bTSSF@c20061030
905    @a10447@dF614-62@e1:3
    
    中国邮政编码大全.第三卷.文教卫生卷/邮电部邮政总局主编.-北京:人民邮电出版社,1989.10
    852页;26cm
    
    
    ISBN 7-115-04054-0:CNY24.00
    本书收集了新闻、出版、文化以及各类大、中学校、职业学校、医院、疗养院、防疫站等单位约7万个。
●
相关链接 在E读中查询图书 在五车中查询图书 在当当中查询图书 在豆瓣中查询图书


正题名:中国邮政编码大全     索取号:F614-62/1:3         预约/预借

序号 登录号 条形码 馆藏地/架位号 状态 备注
1 0228235   002058374   第一样本阅览室/ [索取号:F614-62/1:3] 在馆    
唐山师范学院图书馆 欢迎您!
大连网信软件有限公司© 版权所有